| 000 | 00931cam a22002775a 4500 | ||
|---|---|---|---|
| 001 | 18337400 | ||
| 005 | 20160824101451.0 | ||
| 008 | 141017s2015 enka frb 001 0 eng d | ||
| 010 | _a 2014040071 | ||
| 020 | _a9781118921081 | ||
| 020 | _a1118921089 | ||
| 040 |
_aDLC _beng _cDLC _dEG-ScBUE |
||
| 042 | _apcc | ||
| 082 | 0 | 4 |
_223 _a658.150112 _bSAM |
| 100 | 1 |
_aSamonas, Michael‏. _940837 |
|
| 245 | 1 | 0 |
_aFinancial forecasting, analysis, and modelling : _ba framework for long-term forecasting / _cMichael Samonas. |
| 260 |
_aWest Sussex : _bWiley, _c2015. |
||
| 300 |
_axv, 215 p. : _bill. ; _c24 cm. |
||
| 500 | _aIndex : p. 207-215. | ||
| 504 | _aIncludes bibliographical references. | ||
| 650 | 7 |
_aCorporations _xFinance _xMathematical models. _2BUEsh _940838 |
|
| 650 | 7 |
_aCorporations _xFinance _xForecasting. _2BUEsh _940839 |
|
| 651 | _2BUEsh | ||
| 653 |
_bBUSADM _cAugust 2016 |
||
| 942 |
_2ddc _e22 _k658.150112 SAM |
||
| 999 |
_c22214 _d22186 |
||